[Event "Barcelona Electrica Baleares op 2nd"]
[Site "Barcelona"]
[Date "2019.03.29"]
[Round "3"]
[White "Lajabu, Ahd Amusa"]
[Black "Ferre Campos, Josep"]
[Result "0-1"]
[WhiteElo "1700"]
[BlackElo "1958"]
[PlyCount "88"]
[EventDate "2019.03.15"]
[EventType "swiss"]
[EventRounds "9"]
[EventCountry "ESP"]
[SourceTitle "CBM 190 Extra"]
[Source "ChessBase"]
[SourceDate "2019.07.15"]
[SourceVersion "1"]
[SourceVersionDate "2019.07.15"]
[SourceQuality "1"]

1. d4 c5 2. c4 cxd4 3. Qxd4 Nc6 4. Qd1 g6 5. Nf3 Bg7 6. e3 d6 7. Nbd2 Nf6 8. Be2 d5 9. 0-0 0-0 10. Nb3 a5 11. Nbd4 Nxd4 12. Nxd4 e5 13. Nb5 Be6 14. b3 dxc4 15. Qxd8 Raxd8 16. Ba3 cxb3 17. axb3 Bxb3 18. Bxf8 Bxf8 19. Rfb1 Bc2 20. Rc1 Bb3 21. Rxa5 b6 22. Raa1 Bc5 23. Bc4 Bxc4 24. Rxc4 Rd2 25. h3 Nd5 26. Ra8+ Kg7 27. Rd8 Rd1+ 28. Kh2 Nxe3 29. Rxd1 Nxd1 30. f3 f5 31. Nc7 Ne3 32. Rc1 Kf6 33. Na6 Bd4 34. Nb4 e4 35. Nc2 Bb2 36. Rb1 Be5+ 37. f4 Bxf4+ 38. g3 Bxg3+ 39. Kxg3 Nxc2 40. Rxb6+ Kg5 41. h4+ Kh5 42. Kf4 Nd4 43. Rb2 Nf3 44. Rb3 Nxh4 0-1